| 000 | 00756nam a22002057a 4500 | ||
|---|---|---|---|
| 005 | 20150124121853.0 | ||
| 008 | 110811t mx||||| |||| 00| 0 spa d | ||
| 050 | 0 | 4 |
_aN910 .M6 _bA54 2001 |
| 245 | 0 | 0 |
_aAnexos: _bcatálogo comentado del acervo del Museo Nacional del Arte: Escultra. Siglo XIX / _cJaime Soler Frost, Coordinador |
| 250 | _a1a ed. | ||
| 260 |
_aMéxico : _bMuseo Nacional del Arte : Universidad Nacional Autónoma de México, _c2001 |
||
| 300 |
_a87 p. ; _c22 cm. |
||
| 504 | _aIncluye índice | ||
| 600 | _2Lemb | ||
| 610 | 2 |
_2Lemb _aMuseo Nacional del Arte (México) _vCatálogos |
|
| 650 | 7 |
_2Lemb _aArte _vCatálogos _zMéxico |
|
| 700 | 1 |
_aSoler Frost, Jaime _ecoord. |
|
| 710 | 2 | _aMuseo Nacional del Arte (México) | |
| 942 |
_2lcc _cLIB |
||
| 999 |
_c11375 _d11375 |
||